LIBRARY & INFORMATION CENTRE, KCAET, TAVANUR

ONLINE PUBLIC ACCESS CATALOGUE (OPAC)

DOS 6 / (Record no. 6541)

MARC details
000 -LEADER
fixed length control field 00379cam a2200157ua 4500
020 ## - INTERNATIONAL STANDARD BOOK NUMBER
ISBN 981-214-433-1
041 ## - LANGUAGE CODE
Language code of text/sound track or separate title eng
082 ## - DEWEY DECIMAL CLASSIFICATION NUMBER
Classification number 005.43
Item number THO/DO
100 ## - MAIN ENTRY--AUTHOR NAME
Personal name Thomas, Robert M .
245 ## - TITLE STATEMENT
Title DOS 6 /
260 ## - PUBLICATION, DISTRIBUTION, ETC. (IMPRINT)
Place of publication Singapore :
Name of publisher Tech Publications ,
Year of publication 1993.
300 ## - PHYSICAL DESCRIPTION
Number of Pages 317 ; .
942 ## - ADDED ENTRY ELEMENTS (KOHA)
Koha item type Books
Holdings
Withdrawn status Lost status Damaged status Home library Current library Date acquired Full call number Accession Number Koha item type
      KAUAET KAUAET 07/04/2012 005.43 18402 Books
free website counter